000 00634nam a2200265Ia 4500
005 20260306164053.0
008 008 260114s9999 xx 000 0 eng d
020 _a9780823297214
037 _aEBOOK
040 _aCRL
040 _beng
040 _cCRL
041 _2eng
041 _aeng
084 _qCRL
100 _aRaposa
_91129938
245 0 _aTheosemiotic: Religion, Reading, And The Gift Of Meaning
260 _bFordham University Press
260 _c2021
650 _aPhilosophy
856 _uhttps://academic.oup.com/book/41684
942 _cEBOOK
999 _c1712629
_d1712629